Normal view
MARC view
- الحكومة-الفساد السياسي-الاحوال الاقتصادية-الادارة العامة-الاحتلال الامريكي-العراق
Entry Topical Term
001 - CONTROL NUMBER
- control field: 64103
003 - CONTROL NUMBER IDENTIFIER
- control field: JO-AjAnu
005 - DATE AND TIME OF LATEST TRANSACTION
- control field: 20230606084447.0
008 - FIXED-LENGTH DATA ELEMENTS
- fixed length control field: 230606|| aca||aabn | a|a d
040 ## - CATALOGING SOURCE
- Original cataloging agency: JO-AjAnu
- Transcribing agency: JO-AjAnu
150 ## - HEADING--TOPICAL TERM
- Topical term or geographic name entry element: الحكومة-الفساد السياسي-الاحوال الاقتصادية-الادارة العامة-الاحتلال الامريكي-العراق
670 ## - SOURCE DATA FOUND
- Source citation: Work cat.: (JO-AjAnu)32680: مركز الامة للدراسات والتطوير, author 64102, واقع العراق ما بعد الاحتلال: بحوث ودراسات الندوة العلمية السنوية الثانية لمركز الامة للدراسات والتطوير 17-18 /2010/2م